000
00305nam a22001337a 4500
020
_a
978-0-141-32262-9
082
_a
823
_b
DAH/B
100
_a
ROALD DAHL
245
_a
THE BFG
260
_a
UNITED KINGDOM
_b
PUFFIN BOOKS
_c
2007
300
_a
199
650
_a
CHILDREN'S STORY BOOK
_z
UNITED KINGDOM
942
_c
BK
999
_c
47
_d
47